000 00798nam a2200217Ia 4500
003 GCL
005 20240530095143.0
008 140319s9999 xx 000 0 ara d
040 _aGCL /
_cGCL
082 0 4 _a962.02
_bق/ج م
100 1 _aالجبرتى : عبدالرحمن بن حسن، 1167-1237 هـ
245 1 0 _aمظهر التقديس بذهاب دولة الفرنسيس /
_cالجبرتى : عبدالرحمن بن حسن، 1167-1237 هـ
250 _aالاولى
260 _aالقاهرة :
_bالعربى للنشر والتوزيع ،
_c1998
300 _a2 مجلد ؛
_c24 سم
650 0 4 _aمصر - تاريخ
650 0 4 _aمصر - الاحوال السياسية
700 1 _aعبدالرازق عيسى
700 1 _aعماد احمد هلال
942 _2ddc
_cBK
999 _c4429
_d4429